MLP Seasons 1-9 - Statistics

General Stats
  • This quiz has been taken 85 times
  • The average score is 52 of 221
Answer Stats
Hint Answer % Correct
Twilight is sent to Ponyville. Friendship is Magic Part 1
84%
Twilight and her friends must stop Nightmare Moon. Friendship is Magic Part 2
81%
Twilight can't decide who she wants to take to the Gala. The Ticket Master
76%
Applejack won't stop working, even after becoming exhausted. Applebuck Season
67%
Twilight wants to help the town usher in spring, but with magic being prohibited, she can't decide what to do. Winter Wrap-Up
66%
Twilight suspects something's up with her brother's bride-to-be. A Canterlot Wedding Part 1
64%
The group must get a dragon to leave its cave before its snoring covers Equestria in smoke. Dragonshy
64%
Twilight's friendship lesson is about to be late, but she doesn't have anything to write about. Lesson Zero
64%
Pinkie doesn't know why her friends won't go to her party, or why they're seemingly planning their own without her. Party of One
63%
Sweetie Belle doesn't feel appreciated by Rarity, so she tries to join the Apple family. Sisterhooves Social
63%
Twilight must stop an invasion of shape-shifters on her brother's wedding day. A Canterlot Wedding Part 2
61%
Rainbow Dash wants a pet. May the Best Pet Win!
61%
Discord, Lord of Chaos, escapes his stone prison. Return of Harmony Part 1
58%
Corrupted by Discord, the group must find the Elements of Harmony. Return of Harmony Part 2
58%
The Gala is finally here, but things aren't all they're cracked up to be. The Best Night Ever!
58%
An arrogant magician comes to town, making Twilight self-conscious about her magical prowess. Boast Busters
57%
Fluttershy finds a cute new bug, which quickly becomes a problem. Swarm of the Century
57%
A long-forgotten empire reappears, and Twilight is tasked to help protect it from evil. The Crystal Empire Part 1
57%
Apple Bloom tries to force her Cutie Mark by making a potion. The Cutie Pox
57%
Rainbow's old friend doesn't like Pinkie Pie. Griffon the Brush-Off
55%
As the empire draws closer to despair, Twilight must make a personal sacrifice for the greater good. The Crystal Empire Part 2
55%
Rainbow Dash is tested when a new hero arrives in Ponyville. The Mysterious Mare Do-Well
54%
Nightmare Night comes, along with an unexpected guest. Luna Eclipsed
52%
Rainbow Dash and Applejack get too competitive. Fall Weather Friends
51%
A hooded stranger comes to town, to almost everyone's horror. Bridle Gossip
49%
Twilight can't believe that Pinkie can predict the future. Feeling Pinkie Keen
49%
Spike thinks he's being replaced by an owl. Owl's Well That Ends Well
49%
The group performs in a play about the founding of Equestria. Hearth's Warming Eve
48%
Pinkie Pie has her hooves full when she agrees to babysit for Mr. and Mrs. Cake. Baby Cakes
46%
Fluttershy decides to babysit the Cutie Mark Crusaders for a night. Stare Master
46%
Rarity must decide between furthering her career and being with her friends. Sweet and Elite
46%
Apple Bloom tries to navigate the trials of elementary school without a Cutie Mark. Call of the Cutie
45%
Rarity and Applejack have a sleepover with Twilight. Look Before You Sleep
45%
Twilight gives Rarity magic wings so they can come and cheer for Rainbow Dash in a competition, but she gets sucked into the competition, too. Sonic Rainboom
45%
Apple Bloom is embarrassed by Granny Smith's strange behavior. Family Appreciation Day
43%
Ponyville is next to help Cloudsdale collect water, but they'll need all wings on deck — even Fluttershy! Hurricane Fluttershy
42%
Pinkie realizes she's missing out on a lot of fun due to scheduling conflicts, so she creates clones of herself. Too Many Pinkie Pies!
42%
Spike decides to migrate to the Dragon Lands to see what his heritage is like. Dragon Quest
39%
On the way to a Dessert competition, the Cakes' entry is sabotaged, and Pinkie wants to find the culprit MMMystery on the Friendship Express
39%
On his birthday, Spike starts to get really greedy. Secret of My Excess
39%
Rarity makes dresses for her friends, but their critiques are horribly flawed. Suited For Success
39%
Two stallions try to take over the apple cider market in Ponyville using their fancy machine. The Super Speedy Cider Squeezy 6000
39%
Apple Bloom's cousin Babs Seed comes to visit, but she quickly joins the bullies. One Bad Apple
37%
Rarity gets abducted by Diamond Dogs. A Dog and Pony Show
36%
While dealing with an infestation of vampire fruit bats, something odd starts happening to Fluttershy. Bats!
36%
Fluttershy gets roped into being a fashion model. Green Isn't Your Color
36%
Twilight and the others follow a map to a town where everypony has the same Cutie Mark. The Cutie Map Part 1
36%
That big sporting event finally arrives, and it's... a Spike episode?! The Equestria Games
36%
The Cutie Mark Crusaders try to find Rainbow Dash to hear her Cutie Mark story. Cutie Mark Chronicles
34%
Pinkie Pie's sister comes to visit, but she isn't at all what they expect. Maud Pie
34%
The Cutie Mark Crusaders try their hooves at journalism, but Diamond Tiara forces them to print harmful gossip. Ponyville Confidential
34%
Twilight is visited by her future self, who tries (and fails) to warn her about an impending disaster. It's About Time!
33%
The group gets sucked into a superhero comic book, where Spike finds himself as the useless sidekick. Power Ponies
33%
In an attempt to help Ms. Cheerilee find a special somepony, the Cutie Mark Crusaders make a love potion. Hearts and Hooves Day
31%
Trixie comes back, sporting a powerful relic that's slowly turning her evil. Magic Duel
31%
While recovering from an injury, Rainbow Dash gets into reading an adventure series. Read It and Weep
31%
Imprisoned by the town, the group must formulate a plan to get their Cutie Marks back. The Cutie Map Part 2
31%
Applejack leaves to participate in a rodeo, but won't come back, and refuses to tell why. The Last Roundup
31%
The Cutie Mark Crusaders compete in a talent show. The Show Stoppers
31%
Scootaloo wants to impress Rainbow Dash while on a camping trip, so she acts brave. Sleepless in Ponyville
30%
Fluttershy takes assertiveness lessons, but goes too far with them. Putting Your Hoof Down
28%
Settler ponies and buffalo battle for land, and Twilight... is just kinda there, to be honest. Over a Barrel
27%
Twilight is suddenly thrust into a position of power when Celestia and Luna disappear and the Everfree Forest starts growing out of control. Princess Twilight Sparkle Part 1
27%
(100th Episode) Cranky and Matilda try to move their wedding a day early. Slice of Life
27%
Rainbow Dash begins training to be a Wonderbolt, but her partner is... problematic. Wonderbolts Academy
27%
In an attempt to get the next Daring Do book early, Rainbow Dash and the others accidentally discover that the author is none other than Daring Do. Daring Don't
25%
While Twilight and the others are away, Spike agrees to watch their pets, when in actuality, all he wants is to make a cake from the gems they paid him with. Just for Sidekicks
25%
While Twilight catches some much-needed sleep, Spike acts on her behalf. Princess Spike
25%
Twilight and the others must make the ultimate sacrifice for the good of all of Equestria. Princess Twilight Sparkle Part 2
25%
A long-imprisoned, magic-eating evil has broken out, and Discord is on his side?! Twilight's Kingdom Part 1
25%
The Princesses hide their magic inside Twilight, but she is discovered anyway, and the ultimate showdown begins. Twilight's Kingdom Part 2
25%
Applejack tries to make the family reunion more memorable by scheduling everything. Apple Family Reunion
24%
Celestia tasks the group — particularly Fluttershy — with reforming Discord. Keep Calm and Flutter On
24%
Rarity competes in a fashion show in Manehattan, where her generosity is taken advantage of. Rarity Takes Manehattan
24%
Shining Armor and Cadence have their baby, the first natural-born Alicorn, which then proceeds to tear up the place. Meanwhile, Starlight meets with an old friend. The Crystalling Part 1
24%
The school ponies learn that the Cutie Mark Crusaders get exclusive time with Equestria's newest Princess, and they want in on it. Twilight Time
24%
While Applejack ias away in Manehattan, Big Mac tries to fill in her role... by dressing up as a girl? Brotherhooves Social
22%
Fluttershy takes in a group of injured Breezies, but quickly learns that her excessive hospitality may cause them more harm than good. It Ain't Easy Being Breezies
22%
When Applejack saves Spike from some timberwolves, he feels he owes her a life debt, and becomes her servant. Spike At Your Service
22%
Tank is going into hibernation, and Rainbow Dash doesn't like that one bit. Tanks for the Memories
22%
With the Crystal Empire in danger once again, the group must find a way to save the day. The Crystalling Part 2
22%
Luna seeks Twilight and the others' help in catching a dream parasite before it escapes to the real world. Do Princesses Dream of Magic Sheep?
21%
Pinkie Pie and Applejack might be related?! Pinkie Apple Pie
21%
A new party planner comes to town, testing what Pinkie will do to bring laughs. Pinkie Pride
21%
Rainbow has to decide between competing with the Wonderbolts and sticking with her far inferior (but very much closer to her heart) team. Rainbow Falls
21%
Rainbow Dash needs to study in order to become a Wonderbolts Reservist, but she can't find a fitting way to study! Testing, Testing, 1, 2, 3
21%
An old villain unites Chrysalis, Tirek, Cozy Glow, and King Sombra, but Sombra tries to go it alone. The Beginning of the End Part 1
21%
Starlight Glimmer uses a modified spell to change the past, preventing the cast from ever meeting. The Cutie Re-Mark Part 1
21%
Several years later, Twilight learns her student doesn't want to make friends. The Last Problem
21%
The group goes to a swap-meet, where various things are traded. Trade Ya!
21%
Fluttershy wants to sing, but has stage fright. Filli Vanilli
19%
Chrysalis, Tirek, and Cozy Glow are forced to bond while they plan their revenge. Frenemies
19%
Twilight accidentally swaps the Cutie Marks of her friends, and must fix it. Magical Mystery Cure
19%
When Fluttershy invites somepony else to the Gala, Discord becomes EXTREMELY jealous. Make New Friends, But Keep Discord
19%
Rainbow Dash is framed for making Spitfire disappear, so Rarity must prove her innocence by finding the real culprit. Rarity Investigates
19%
With the Tree of Harmony destroyed, Twilight and the others must figure out a way to stop Sombra. The Beginning of the End Part 2
19%
Twilight and Spike must stop Starlight from changing the past. The Cutie Re-Mark Part 2
19%
Applejack, Apple Bloom, and Big Mac finally learn the story of how their parents met. The Perfect Pear
19%
Fluttershy tries to help Princess Celestia's sick bird. A Bird in the Hoof
18%
Pinkie meets somepony who doesn't want to be her friend! A Friend In Deed
18%
Trixie makes Starlight increasingly angry. All Bottled Up
18%
Twilight and the others find themselves in the ruins of Celestia and Luna's former castle, and hijinks ensue as their paths unknowingly cross. Castle-Mania
18%
Twilight has been avoiding her new house, so the others decide to help make it feel more like home. Castle Sweet Castle
18%
The Cutie Mark Crusaders want to carry the flag in the Equestria Games, but Diamond Tiara brings down Scootaloo's spirit. Flight to the Finish
18%
Applejack watches over Apple Bloom like a hawk, much to her disgruntlement. Somepony to Watch Over Me
18%
Discord sabotages Twilight and Cadence's get-together. Three's a Crowd
18%
Rainbow Dash and Applejack discover that Pinkie Pie and Fluttershy are surprisingly good at buckball. Buckball Season
16%
Rainbow and Pinkie Pie try to stop Daring Do from retiring after she gets a bad rep from destroying a city's statue during an adventure. Daring Done?
16%
Fluttershy's brother needs a place to stay, so Fluttershy takes him in — on the condition that he can get a job, ANY job. Flutter Brutter
16%
Spike, in his endless pursuit of Rarity, gives her an enchanted book that creates whatever its user imagines, while corrupting them. Inspiration Manifestation
16%
Rainbow Dash is brought onto the Wonderbolts full-time, but after an accident, the team starts inadvertently calling her a nasty nickname from her childhood. Newbie Dash
16%
Trixie returns — only this time, Starlight makes friends with her! No Second Prances
16%
When Rarity's idol shows that he likes the farm lifestyle, Rarity changes herself to try and impress him. Simple Ways
16%
The villains begin their attack on Equestria. The Ending of the End Part 1
16%
Twilight and the others fight back against the villains. The Ending of the End Part 2
16%
The former Queen of the changelings tries to hatch a revenge plot involving wood-based clones of the main group. The Mean Six
16%
While Starlight and Trixie are out of town, Twilight and the others begin acting strangely out of character. To Where and Back Again Part 1
16%
Starlight, Trixie, Thorax, and Discord must work together to stop the changelings' second attempt at invading. To Where and Back Again Part 2
16%
When Babs Seed gets her Cutie Mark, Apple Bloom starts wondering about what'll happen after they get theirs. Bloom and Gloom
15%
The Cutie Mark Crusaders finally figure out why Diamond Tiara is so mean. Crusaders of the Lost Mark
15%
A dragon crashes in Ponyville, claiming to be Spike's biological father. Father Knows Beast
15%
The Apple family visits the Pie family rock farm for Hearth's Warming. Hearthbreakers
15%
Rarity makes Applejack a judge in an upcoming fashion show, but her critiques prove to be hurtful to the competitors. Honest Apple
15%
Granny Smith falls victim to a placebo effect, and Applejack doesn't have the heart to tell her the truth. Leap of Faith
15%
Twilight and her family mysteriously win a cruise in a Zeppelin, but quickly learn it's a ploy for the cruise to get free publicity. Once Upon a Zeppelin
15%
After being talked into joining the Nightmare Night festivities, Fluttershy realizes that she'd rather scare than be scared... But she's not good at it. Scare Master
15%
After their harrowing journey in the movie, Twilight realizes that not enough creatures know friendship, so she opens a school. School Daze Part 1
15%
All the magic in Equestria starts going missing, so Twilight and the others set off to find out why. Meanwhile, Cozy Glow mysteriously comes to power over the School. School Raze Part 1
15%
The CMC's, the Students, and even Chancellor Neighsay must team up to put a stop to Cozy Glow's brilliantly constructed plan. School Raze Part 2
15%
Scootaloo's parents return from their years-long expedition, only to reveal that they're bringing Scootaloo to live with them. The Last Crusade
15%
Pinkie Pie learns that Cheese Sandwich has lost his ability to laugh. The Last Laugh
15%
Thorax needs Starlight and Trixie's help to convince his brother, Pharynx, to change like the rest of the changelings. To Change A Changeling
15%
Rainbow Dash goes too far in her pranking. 28 Pranks Later
13%
Twilight realizes she treated her old friends horribly, so she tries to make up for it. Amending Fences
13%
Twilight tries to win Trivia Trot for the third time in a row, but her partner... is Pinkie Pie?! A Trivial Pursuit
13%
Now that Starlight has saved Equestria, Twilight ponders what she should do next. Celestial Advice
13%
Fluttershy decides to learn about Daring Do's arch nemesis, Dr. Caballeron. Daring Doubt
13%
Discord wants to host a tea party for Fluttershy, but realizes he might be too weird for her to handle. Discordant Harmony
13%
Discord tries to join Guy's Night, but all they want to fo is play a role-playing game. Dungeons and Discords
13%
Starlight tries to speedrun her friendship lessons. Every Little Thing She Does
13%
Twilight and the others try and help the Crystal Empire earn the right to host the next Equestria Games. Games Ponies Play
13%
If Rainbow Dash wants to ride a roller coaster before it closes for good, she must watch over the Golden Horseshoe Gals, a group of thrill-seeking senior citizens. Grannies Gone Wild
13%
Rarity, Pinkie Pie, and Applejack's boat trip ends in disaster, and it's up to Twilight to piece together why. Pony Point of View
13%
In order to get Maud to move to Ponyville, Pinkie tries to force a friendship between her and Starlight. Rock Solid Friendship
13%
Twilight must fight against the Equestrian Education Association's racist leader to keep the school open. School Daze Part 2
13%
In order for Fluttershy to understand Angel better, Zecora switches their bodies. She Talks to Angel
13%
The CMC's are tasked with helping a griffon get a Cutie Mark. The Fault In Our Cutie Marks
13%
Maud Pie gets a boyfriend, but Pinkie... doesn't like him?! The Maud Couple
13%
Twilight and Spike spend three days inside the library, and when they come out, everyone is suddenly good friends with Discord. What About Discord?
13%
Twilight is tasked with babysitting her niece AND helping some sick foals at the hospital. A Flurry of Emotions
12%
Starlight doesn't want to celebrate Hearth's Warming, so Twilight tells her a story. A Hearth's Warming Tail
12%
Rarity tries to get Applejack to relax, but she's too obsessed with work to do so. Applejack's "Day" Off
12%
Starlight follows the Map to Canterlot, where the Royal Sisters seem to be butting heads on several things. A Royal Problem
12%
Rarity opens her first boutique outside of Ponyville, but quickly realizes that mass-producing dresses gets old fast. Canterlot Boutique
12%
Twilight learns of a competing, EEA-certified friendship school, which Starswirl the Bearded is attending. Friendship University
12%
Big Mac develops a crush on a customer, and the CMC's try to help him act on it. Hard to Say Anything
12%
Rarity accidentally uses the wrong potion as a shampoo, resulting in almost her entire mane falling out. It Isn't The Mane Thing About You
12%
Scootaloo meets Rainbow Dash's parents, who apparently don't know that their daughter is a Wonderbolt. Parental Glideance
12%
Yona asks Sandbar to the school dance, but quickly realizes she's gonna have to learn a lot. She's All Yak
12%
(200th Episode) In order to test the new security in Canterlot, Shining Armor challenges Twilight and her friends to break into the Castle. Sparkle's Seven
12%
Big Mac tries to propose to Sugar Belle, but things go wrong when Discord and Spike get involved. The Big Mac Question
12%
Fluttershy and Twilight follow the Map to find two families that have been feuding for decades. The Hooffields and McColts
12%
Starlight and Sun Burst follow the Map to their hometown, where they're faced with their parents. The Parent Map
12%
Applejack and Fluttershy follow the Map to Las Pegasus, where discontent is brewing. Viva Las Pegasus
12%
Applejack tells a story of when a lie she told Filthy Rich spiralled out of control. Where the Apple Lies
12%
Pinkie Pie becomes obsessed with her Youvidophone, an instrument from Yak culture which sounds horrible when played incorrectly... and Pinkie doesn't know how to play. Yakity-Sax
12%
The Cutie Mark Crusaders investigate a pony who's been screwing with a rodeo. Appleoosa's Most Wanted
10%
Twilight decides to publish the group's journal for public consumption, but the critique they get from it is overwhelming. Fame and Misfortune
10%
When Sweetie thinks Rarity is hogging all the spotlight, she sabotages one of her fashion items. For Whom the Sweetie Belle Toils
10%
The CMC's want to go to a carnival but aren't old enough to go, so they wish to be adults. Growing Up Is Hard to Do
10%
Rarity and Applejack follow the Map to Manehattan, where Coco Pommel meeds help putting on a play. Made In Manehattan
10%
Spike is going through puberty! Molt Down
10%
While on a school field trip, Applejack and Rainbow Dash jockey for the leader position. Non-Compete Clause
10%
Pinkie must help Twilight impress some dignitaries who are VERY easily upset. Party Pooped
10%
Fluttershy and Applejack follow the Map to a village of Kirin, who are all completely mute except for one. And the tale she has to tell... Sounds of Silence
10%
Rainbow Dash and Rarity realize they have almost nothing in common. The End In Friend
10%
Pinkie and Rainbow Dash follow the Map to Griffonstone, where they encounter Gilda again. The Lost Treasure of Griffonstone
10%
Scootaloo becomes obsessed with a Wonderbolts-reject team, to Rainbow Dash's utter horror. The Washouts
10%
The students try to make a memorial for the Tree of Harmony. Uprooted
10%
Zecora becomes sick, so Fluttershy and Twilight must find a cure. A Health of Information
9%
While Twilight and the others are away, Starlight is left in charge of the school... much to Discord's annoyance. A Matter of Principals
9%
Celestia and Luna take a vacation, but can't decide on what to do. Between Dark and Dawn
9%
Rarity tries spending some time with Sweetie Belle, but it's been so long that she doesn't know any of her interests anymore. Forever Filly
9%
Celestia tries to join the school play, but she's a horrible, HORRIBLE actress. Horse Play
9%
The CMC's want to join the Friendship School in order to skip out on actual school. Marks for Effort
9%
Pinkie Pie visits the Yaks shortly before an avalanche, but they stubbornly refuse outside help. Not Asking For Trouble
9%
Pinkie Pie discovers that Rainbow Dash keeps throwing out the pies she gives her. Secrets and Pies
9%
Twilight discovers that she may be able to bring Starswirl the Bearded back from limbo. Shadow Play Part 1
9%
The Elements of Harmony and the original Pillars of Equestria must team up to re-seal the evil Twilight accidentally unleashed. Shadow Play Part 2
9%
Rainbow Dash goes to a Daring Do convention, where she meets somepony who only likes the original trilogy. Stranger Than Fan Fiction
9%
Starlight's open-door policy to her counseling proves disastrous when it affects her social life. Student Counsel
9%
The CMC's follow the Map to Mount Aris, where a hippogriff can't decide whether he wants to live with his Mom or his Dad. Surf and/or Turf
9%
Somebody sabotages Hearth's Warming at the school, and until the culprit is found, nobody is going home. The Hearth's Warming Club
9%
Applejack's old summer camp friend has become a pop star, but her manager is taking advantage of her. The Mane Attraction
9%
Pinkie Pie learns some exciting news about Twilight's brother and sister-in-law, but must keep it to herself to keep the surprise from being ruined. The One Where Pinkie Pie Knows
9%
Rarity reads the review of her new Manehattan boutique, as well as the interviews they got from her friends. The Saddle Row Review
9%
A Changeling has been spotted near the Crystal Empire! The Times They Are a Changeling
9%
Spike accidentally invites Thorax and Ember to Ponyville on the same day, and is convinced that they can't meet each other. Add to that a summance from the Map... Triple Threat
9%
Starlight and Sun Burst have spent so long apart that they don't seem to have anything in common any more. Uncommon Bond
9%
Rainbow Dash is tasked with coaching the school's cheerleading squad, something she's less than thrilled about. 2, 4, 6, Greeaaat
7%
The second camping trip amongst the sisters is ruined by an infestation, so they decide to hide and tell stories until the bugs leave. Campfire Tales
7%
Rainbow Dash tries to help Quibble Pants win over his girlfriend's daughter. Common Ground
7%
Rarity wants to spend time with Spike, but he's developed an interest in another mare?! Dragon Dropped
7%
When the veterinarian's office becomes overcrowded, Fluttershy decides to build an animal sanctuary. Fluttershy Leans In
7%
In order to keep Equestria safe, Spike becomes convinced he must become the new Dragon Lord. Gauntlet of Fire
7%
The CMC's open a Cutie Mark Camp, but things don't go well when somepony who doesn't want a Cutie Mark joins. Marks and Recreation
7%
Trixie and Starlight try to take their tour to Saddle Arabia, but things go awry. On the Road to Friendship
7%
Now that the CMC's have their Cutie Marks, Apple Bloom struggles to figure out what to do in her free time. On Your Marks
7%
Rarity and Pinkie Pie follow the Map to help a struggling restaurant become popular. Spice Up Your Life
7%
Big Mac thinks that Sugar Belle is trying to break up with him. The Break-Up Breakdown
7%
The CMC's try to enter a kart race, but their sisters take over. The Cart Before the Ponies
7%
Pinkie wants to get the perfect gift for Maud, but the price may be a little more than she was expecting. The Gift of the Maud Pie
7%
Twilight discovers she's had an overdue library book since before the series began. The Point of No Return
7%
Twilight tries to run the Summer Sun Celebration, but the villains sabotage it. The Summer Sun Setback
7%
Twilight and Rainbow follow the Map to the Wonderbolts Academy, where two codependent pegasi are having relationship issues. Top Bolt
7%
The students of the Friendship School think that friendship isn't in their nature, so the Tree of Harmony tests them. What Lies Beneath
7%
Starlight searches for a second in command, but struggles against nepotism when Trixie wants to be it. A Horse Shoe-In
6%
Rockhoof, one of the original Pillars of Equestria, struggles to find his place in modern Equestria. A Rockhoof and a Hard Place
6%
Apple Bloom attempts to catch The Great Seedling, a beast that is said to grant eternal harvest to any pony who can catch it. Going to Seed
6%
Spike tries to get along with Smolder's brother, who absolutely hates him. Sweet and Smokey
6%
Fluttershy is tasked with watching Rarity's Manehattan boutique, but in order to do so, she keeps putting on characters that slowly take over her personality. Fake It 'Til You Make It
4%
No matching quizzes found
Score Distribution
Percent of People with Each Score
Percentile by Number Answered
Your Score History
You have not taken this quiz